Brujería y magia en América / (Record no. 129737)

MARC details
000 -LEADER
campo de control de longitud fija 00715nam a2200229 i 4500
001 - NÚMERO DE CONTROL
campo de control 129737
003 - IDENTIFICADOR DE NÚMERO DE CONTROL
campo de control ES-MaACL
005 - FECHA Y HORA DE LA ÚLTIMA TRANSACCIÓN
campo de control 20250815163316.0
007 - CAMPO FIJO DE DESCRIPCIÓN FÍSICA--INFORMACIÓN GENERAL
campo de control de longitud fija t|
008 - DATOS DE LONGITUD FIJA--INFORMACIÓN GENERAL
campo de control de longitud fija 070704s1977 sp ||||1| spa d
100 1# - ENTRADA PRINCIPAL--NOMBRE DE PERSONA
Nombre de persona Zotti, Carlo Liberio del.
9 (RLIN) 118369
245 10 - MENCIÓN DEL TÍTULO
Título Brujería y magia en América /
Mención de responsabilidad, etc. Carlo Liberio del Zotti.
250 ## - MENCION DE EDICION
Mención de edición [1ª ed.].
260 ## - PUBLICACIÓN, DISTRIBUCIÓN, ETC.
Lugar de publicación, distribución, etc. Esplugas de Llobregat :
Nombre del editor, distribuidor, etc. Plaza & Janés,
Fecha de publicación, distribución, etc. 1977.
300 ## - DESCRIPCIÓN FÍSICA
Extensión 254 p. ;
Dimensiones 18 cm.
490 1# - MENCIÓN DE SERIE
Mención de serie Realismo fantástico ;
Designación de volumen o secuencia 47
650 14 - PUNTO DE ACCESO ADICIONAL DE MATERIA--TÉRMINO DE MATERIA
Término de materia o nombre geográfico como elemento de entrada Magia-
Subdivisión geográfica América latina.
9 (RLIN) 14730
650 14 - PUNTO DE ACCESO ADICIONAL DE MATERIA--TÉRMINO DE MATERIA
Término de materia o nombre geográfico como elemento de entrada Brujería-
Subdivisión geográfica América Latina
9 (RLIN) 10622
830 0# - PUNTO DE ACCESO ADICIONAL DE SERIE-TÍTULO UNIFORME
Título uniforme Realismo fantástico ;
Designación de volumen o secuencia 47
9 (RLIN) 181411
852 ## - LOCALIZACIÓN
Ubicación ES-MaACL
Número de control de estantería A-7225
Sublocalización o colección R.96311
Holdings
Estatus retirado Estado de pérdida Estado de daño No para préstamo Biblioteca de origen Biblioteca actual Ubicación en estantería Fecha de adquisición Fuente de adquisición Total de préstamos Signatura topográfica completa Código de barras Visto por última vez Precio de reemplazo Tipo de ítem Koha
        Biblioteca del Ateneo de Madrid Biblioteca del Ateneo de Madrid Sala Pecera Planta 1 17/01/2008     A-7225 1135092 23/02/2023 23/02/2023 Libro impreso